Řízení vnitřního obchodu shrnutí výsledků výzkumu v 6. pětiletce

Na minha lista:
Detalhes bibliográficos
Autor principal: Rulf, Vladimír
Formato: Livro
Idioma:tcheco
Publicado em: Praha Výzkumný ústav obchodu 1980
Colecção:Knižnice VÚO č. 129
Tags: Adicionar Tag
Sem tags, seja o primeiro a adicionar uma tag!

MARC

LEADER 00000nam a2200000 4500
001 c142248
005 20181203150525.2
041 0 |a cze 
044 |a CZ 
245 1 0 |a Řízení vnitřního obchodu  |b shrnutí výsledků výzkumu v 6. pětiletce  |c Vladimír Rulf a kol. 
264 1 |a Praha  |b Výzkumný ústav obchodu  |c 1980 
300 |a 56 s. 
490 1 |a Knižnice VÚO  |v č. 129 
830 0 |a Knižnice VÚO  |v č. 129 
100 1 |a Rulf, Vladimír